00947cam a2200265Ii 4500020001500000020001800015040000800033082002600041245012100067246005400188246006400242300006200306490002700368500002700395650001800422650001600440650001400456650001700470650001100487710006100498710005300559710001200612710002600624710003100650 a9251305714 a9789251305713 cUBC a333 FAO 2018 A084 Or.04aThe state of food security and nutrition in the world :bbuilding climate resilience for food security and nutrition3 aState of food security and nutrition in the world30aBuilding climate resilience for food security and nutrition axv, 181 pages :bcolor illustrations, color maps ;c30 cm1 aThe state of the world aAt head of title: 2018 0aFood security 0aFood supply 0aNutrition 0aMalnutrition 0aHunger2 aFood and Agriculture Organization of the United Nations.2 aInternational Fund for Agricultural Development.2 aUNICEF.2 aWorld Food Programme.2 aWorld Health Organization.